000
00265nam a2200109Ia 4500
008
190907s9999||||xx |||||||||||||| ||und||
100
_a
Ayres,frank
245
0
_a
Calculus shaums outlines
260
_a
New Delhi
_b
Bantam Books Inc
_c
2004
300
_a
578
942
_c
BK
999
_c
6251
_d
6251